000 00889nam a22002771 4500
001 35746
003 BD-RjUL
005 20211209052354.0
008 140531r19701965ii b 001 0 eng d
035 _a(BD-RjUL)35841
035 _a(OCoLC)875857
040 _aDLC
_cMWH
_dUk
_dOCoLC
_dDLC
_dBD-RjUL
_beng
041 _aeng
082 0 0 _a320
_bDII 1970
100 1 _aDillon, Conley Hall,
_d1906-
_98632
245 1 0 _aIntroduction to political science /
_cConley H. Dillon, Carl Leiden and Paul D. Stewart.
250 _aan east-west ed.
260 _aNew Delhi :
_bAffiliated East-West Press Ltd.,
_c1965 [reprinted 1970].
300 _avi, 298 p. ;
_c23 cm.
490 0 _aVan Nostrand political science series
504 _aIncludes bibliographical references and index.
650 0 _aPolitical science
_9108572
942 _2ddc
_cBK
999 _c35746
_d35746